000 01234nam0a2200301 4500
001 RU\NLR\bibl\1406542
005 20250615205937.0
010 _a5-222-00209-8
_910000
035 _a(NLR Aleph) 001398540
090 _a1207620
_c1207620
100 _a20090901d1998 |||y0rusy50 ca
101 1 _arus
_ccze
102 _aRU
105 _ay |||||||||
200 1 _aО недугах сильных мира сего
_e[властелины мира глазами невролога]
_fИван Лесны
_g[пер. с чеш. Н. Купцовой и др.]
210 _aРостов-на-Дону
_cФеникс
_d1998
215 _a383, [1] с.
_d21
225 1 _aИсторические силуэты
_eИС
606 1 _aВсеобщая история
_jБиографии
_xДеятели
_92373927
_3RU\NLR\auth\661416803
606 1 _aГосударственные и политические деятели
_xПсихоневрологические расстройства
_92606535
_3RU\NLR\auth\661543093
686 _aР645.96
686 _aТ3(0)0-8
700 1 _aЛесны
_bИ.
_gИван
_4070
801 0 _aRU
_bNLR
_c20090901
_gRCR
801 1 _aRU
_bNLR
_c20090901
942 _cBOOK
980 _aNB